00613nam a2200145Ia 4500008004100000020001800041082001500059100007600074245012400150260004700274300001400321942000700335999001900342952010600361191014s9999 xx 000 0 und d a981-02-3523-2 a539.7bHOR aH Horiuchi, M Kamimura, H Toki, Y Fujiwara, M Matsuo, Y Sakuragi920546 0aProceedings of the XVII RCNP international Symposium on Innovative Computational Methods in Nuclear Many Body Problems  aSingaporebWorld Scientific Company c1998 aXxiii,527 cBK c531138d531138 00104070aSNSbSNSd2019-10-15eDonationg0.00l0o539.7HORpSNS0002915r2022-12-13w2019-10-15yBK